000
00342nam a2200145Ia 4500
008
150201s2000 xx 000 0 und d
082
_a
617
_b
O2000D
100
_a
DUBRUL
245
_a
SICHERS AND DUBRULS ORAL ANATOMY
250
_a
8TH
260
_b
AITBS
_a
DELHI
_c
2000
300
_a
1-356
650
_a
DENTAL ANATOMY
942
_2
ddc
_c
BK
_0
17
999
_c
2680
_d
2680